000
00316nam a2200145Ia 4500
008
150301s2015 xx 000 0 und d
082
_a
611
_b
H14U
100
_a
USHA V
245
_a
HUMAN EMBRYOLOGYMADE EASY
250
_a
1ST
260
_b
APH - DELHI
300
_a
108
650
_a
EMBRYOLOGY
942
_2
ddc
_c
BK
999
_c
7105
_d
7105